Testimony of triumph: (Record no. 7565)

000 -LEADER
fixed length control field 00635nam a2200193 a 4500
001 - CONTROL NUMBER
control field :::00005326$&:&@@
003 - CONTROL NUMBER IDENTIFIER
control field OkBaRHE
005 - DATE AND TIME OF LATEST TRANSACTION
control field 20000607103325.0
008 - FIXED-LENGTH DATA ELEMENTS--GENERAL INFORMATION
fixed length control field s1980 j 000 0 eng u
020 ## - INTERNATIONAL STANDARD BOOK NUMBER
International Standard Book Number 0310239206
040 ## - CATALOGING SOURCE
Transcribing agency
100 1# - MAIN ENTRY--PERSONAL NAME
Personal name Drescher, John M.
245 10 - TITLE STATEMENT
Title Testimony of triumph:
Remainder of title the meaning of Christ's words from the cross.
260 ## - PUBLICATION, DISTRIBUTION, ETC. (IMPRINT)
Place of publication, distribution, etc Grand Rapids, MI., :
Name of publisher, distributor, etc Zondervan Pub. House
Date of publication, distribution, etc c1980
300 ## - PHYSICAL DESCRIPTION
Extent 95 p. ;
Dimensions 21 cm.
650 ## - SUBJECT ADDED ENTRY--TOPICAL TERM
Topical term or geographic name as entry element Jesus Christ
General subdivision Seven Last Words
-- Meditations
942 ## - ADDED ENTRY ELEMENTS (KOHA)
Source of classification or shelving scheme
Koha item type Books
Copies
Permanent Location Copy number Source of classification or shelving scheme Barcode Shelving location Price effective from Lost status Date acquired Withdrawn status Date last seen Damaged status Full call number Not for loan Koha item type
RHEMA Bible Training College1 5326General Stacks2010-04-14 2010-04-14 2010-04-14 BT 456 .D67 Books